| 000 | 00622nam a22001937a 4500 | ||
|---|---|---|---|
| 005 | 20210423063018.0 | ||
| 008 | 210219s1960 ||||| |||| 00| 0 eng d | ||
| 040 |
_aeng _cDLC |
||
| 041 | _aeng | ||
| 080 |
_a616.8 _bS-79 |
||
| 100 |
_9977 _aSpurling, Glen. R. |
||
| 245 |
_aPractical Neurological Diagnosis _b: With Special Reference to the Problems of Neurosurgery _c/ by: Charles C. Thomas Publisher |
||
| 250 | _a6th edition | ||
| 260 |
_aSpringfield, ill. _bCharles C. Thomas Publisher _c1960 |
||
| 300 |
_a284 p. _bill. |
||
| 650 | 0 |
_9100 _aNeurology |
|
| 653 | _aნევროლოგია | ||
| 942 |
_2udc _cBK _e6 |
||
| 999 |
_c1546 _d1546 |
||